000 00582nam a22001937a 4500
005 20140903122331.0
010 _aENG-110712
020 _a9788120349803
_c425.00
035 _aEN-94244
037 _bDBAD/PUB
082 _a306.70712
100 _aChoudhary, Girish Bala
245 _aAdolescence education /
_cby Girish Bala Choudhary
260 _aDelhi
_bPHI Learning
_c2014
270 _aRimjhim House, 111, Patparganj Industrial Estate
_bDelhi
_e110092
300 _axxv,390p.
_c24cm(pbk)
500 _aIncludes index
942 _2ddc
_cEN
_mCHO
_h306.70712
999 _c88259
_d88259